00000000nam 2200000zi 4500
0019.933306
003CaOODSP
00520250109145806
006m     o  d f      
007cr |n|||||||||
008240201s2001    qucdab  ob   f|0| 0 eng d
040 |aCaOODSP|beng|erda|cCaOODSP
041 |aeng|beng|bfre
043 |an-cn-qu
0861 |aEn154-308/2001E-PDF
1001 |aLepage, Serge, |d1952- |eauthor.
24510|aErosion of marine clays in the Verchères Sector of the St. Lawrence River : |binfluence of the seasonal cycle of water levels / |cS. Lepage and L.-F. Richard.
264 1|aMontreal, Quebec : |bEnvironment Canada = Environnement Canada, |c[2001]
300 |a1 online resource (1 page) : |bcharts, illustrations, maps
336 |atext|btxt|2rdacontent
337 |acomputer|bc|2rdamedia
338 |aonline resource|bcr|2rdacarrier
500 |aDigitized edition from print [produced by Environment and Climate Change Canada].
504 |aIncludes bibliographical references.
520 |a"The St. Lawrence Centre initiated the Erosion Project in 1999 as part of a monitoring program focusing on the fluctuating water levels in the St. Lawrence River. The aim of this project is to understand the mechanisms involved in the erosion of the consolidated material that constitutes a large proportion of the banks and bed of the St. Lawrence River between Montreal and Quebec City"--Introduction.
546 |aIncludes abstract in French.
650 0|aErosion|zQuébec (Province)|zVerchères Region.
650 0|aErosion|zSaint Lawrence River.
650 6|aÉrosion|zQuébec (Province)|zVerchères, Région de.
650 6|aÉrosion|zSaint-Laurent (Fleuve)
7101 |aCanada. |bEnvironment Canada, |eissuing body.
85640|qPDF|s28.50 MB|uhttps://publications.gc.ca/collections/collection_2025/eccc/en154/En154-308-2001-eng.pdf